| 000 | 01089nas a2200337 4500 | ||
|---|---|---|---|
| 001 | BR2011008278 | ||
| 003 | BR-BrBNA | ||
| 005 | 20231205115858.0 | ||
| 007 | ta | ||
| 008 | 230509b bl.|||p| |||| 00| 00por d | ||
| 040 |
_aBR-BrBNA _bpor _cBiblioteca Nacional de Agricultura |
||
| 041 | _a(Pt) | ||
| 072 | _aL70 | ||
| 100 | 1 | _aPachaly, J.R. | |
| 100 | 1 | _aGellers, E. | |
| 100 | 1 | _aFernandes, T.R.P. | |
| 100 | 1 | _aSouza, M.L. de | |
| 100 | 1 | _aRodrigues, S. | |
| 100 | 1 | _aCarneiro, M.R. | |
| 245 | 1 | _aTratamento endodôntico "de campo" em um bugio (Alouatta caraya)- Relato de caso | |
| 246 | 1 | _aField endodontic treatment in a howler-monkey (Alouatta caraya)- Case report | |
| 650 | _aANIMAL SELVAGEM | ||
| 650 | _aDENTE | ||
| 650 | _aTRATAMENTO | ||
| 650 | _aVETERINÁRIA | ||
| 650 | _a | ||
| 650 | _a | ||
| 773 | 0 |
_tMEDVEP. Revista Científica de Medicina Veterinária. Pequenos Animais e Animais de Estimação (Brazil) _xISSN 1678-1430 _g(Oct-Dec 2010), v. 8(27) p. 674-681 _wBR2011008278 |
|
| 909 |
_a202311 _bLúcia _c55 _dLúcia Elande |
||
| 942 |
_2AGRIS _n0 _cANA |
||
| 999 |
_c216130 _d216130 |
||